000 00185 a2200097 4500
020 _a9780582416628
041 _aeng
100 _aPatricia Hermes
245 _aFly away home
942 _cBK
999 _c2993
_d2993